| 000 | 00819cam a2200217 4500 | ||
|---|---|---|---|
| 001 | WB3735-01 | ||
| 008 | 010920n2001 000 0 eng u | ||
| 035 | _a(Sirsi) u114664 | ||
| 245 | _aDocklands WTC unaffected | ||
| 260 | _c2001 | ||
| 490 |
_aConstruction News _v(6374) 20 September 2001, 5(1) |
||
| 520 | _aConstruction of the World Trade Centre London will be unaffected by the New York terrorist attacks according to the manager of the project. Work on the first stage of construction is expected to start this November. Lists other tall buildings in the pipeline in London. | ||
| 590 | _aWB | ||
| 650 | _aWORLD TRADE CENTRE LONDON | ||
| 650 | _aLONDON DOCKLANDS | ||
| 650 | _aOFFICE BUILDINGS | ||
| 650 | _aSKYSCRAPERS | ||
| 650 | _aBUILDING STRUCTURES | ||
| 690 | _aBUILT ENVIRONMENT | ||
| 942 | _n0 | ||
| 999 |
_c68318 _d68318 |
||